000 00218nam a22000857a 4500
008 160905b xxu||||| |||| 00| 0 eng d
100 _9288
_aGoscinny R
245 _aAsterix in Corsica
260 _aUSA
_bOrion publication
_c2004
999 _c2947
_d2947